000
00287nam a2200121Ia 4500
008
220204s9999 xx 000 0 und d
082
_a
696.6
_b
FRA
100
_a
Francis, T G
245
0
_a
Electrical installation work
250
_a
Ed.5
260
_a
London
_b
Longman
_c
1971
942
_c
BK
999
_c
30747
_d
30747